• 首页
  • 本馆介绍
  • 公告通知
  • 最新文献
  • 馆藏检索
  • 电子资源
  • 读者荐购
  • 参考咨询
  • CALIS
  • 我的图书馆
  • 登录
  • 详细信息显示
  • 放入我的书架
  • 预约/预借图书
  • 作者相关作品
  • 分类相关作品
  • 丛书相关作品
  • 出版社相关作品

书目信息

  • 表格格式
  • 工作单格式
  • 卡片格式
题名:
正义的刻度
    
 
作者: 李志刚 , 熊秉元 著
分册:  
出版信息: 北京   中信出版集团股份有限公司  2025.01
页数: 15,419页
开本: 21cm
丛书名:
单 册:
中图分类: D90-056
科图分类:
主题词: 法律经济学
电子资源:
ISBN: 978-7-5217-6776-6
 
 
 
 
 
000 00946nam0 2200241 450
001 013381079
005 20251022165201.42
010    @a978-7-5217-6776-6@dCNY79.00
100    @a20250123d2025 em y0chiy0120 ea
101 0  @achi
102    @aCN@b110000
105    @ay z 000yy
106    @ar
200 1  @a正义的刻度@9zheng yi de ke du@f李志刚,熊秉元著
210    @a北京@c中信出版集团股份有限公司@d2025.01
215    @a15,419页@d21cm
330    @a本书两位作者从法律经济学的角度,运用经济分析架构,探讨法学问题。不仅澄清了普通人对经济学的误解,为法律人提供了可学、能用、好用的思维工具和论证工具,还以社会热点案例为据,带领读者通过经济分析的视角,突破法律思维的盲点,理解法律制度背后的深层(经济)逻辑,帮助我们从更深层次理解法律与社会。
606 0  @a法律经济学
690    @aD90-056@v5
701  0 @a李志刚@9li zhi gang@4著
701  0 @a熊秉元@9xiong bing yuan@4著
801  0 @aCN@c20250910
905    @a河南城建学院图书馆@dD90@eL331@ZL331@f1
    
    正义的刻度/李志刚,熊秉元著.-北京:中信出版集团股份有限公司,2025.01
    15,419页;21cm
    
    
    ISBN 978-7-5217-6776-6:CNY79.00
    本书两位作者从法律经济学的角度,运用经济分析架构,探讨法学问题。不仅澄清了普通人对经济学的误解,为法律人提供了可学、能用、好用的思维工具和论证工具,还以社会热点案例为据,带领读者通过经济分析的视角,突破法律思维的盲点,理解法律制度背后的深层(经济)逻辑,帮助我们从更深层次理解法律与社会。
●
相关链接 在E读中查询图书 在当当中查询图书 在豆瓣中查询图书


正题名:正义的刻度     索取号:D90/L331         预约/预借

序号 登录号 条形码 馆藏地/架位号 状态 备注
1 1634933   216349333   社科库509/509社科库 80排1列6层/ [索取号:D90/L331] 在馆    
河南城建学院图书馆 欢迎您!
大连网信软件有限公司© 版权所有